Loading...
| Fine Arts - Classical Music | 0 | 5 | 1 | 1 | 45 | 62 | 87.40 | 1 | 2 | 51.15 | 81.82 |
| Fine Arts - Classical Music | 0 | 5 | 1 | 1 | 45 | 62 | 87.40 | 1 | 2 | 18.93 | 35.00 |
| Literature - European | 0 | 2 | 0 | 1 | 20 | 109 | 126.50 | 0 | 0 | 3.04 | 3.89 |
| Geography/Current Events | 0 | 2 | 0 | 1 | 20 | 91 | 110.00 | 0 | 1 | 0.00 | 0.00 |
| Geography/Current Events | 0 | 2 | 0 | 1 | 20 | 91 | 110.00 | 0 | 1 | 5.20 | 20.00 |
| Literature - European | 0 | 2 | 0 | 1 | 20 | 109 | 126.50 | 0 | 0 | 0.00 | 0.00 |
| History - World | 0 | 1 | 0 | 1 | 10 | 124 | 124.00 | 0 | 0 | 0.09 | 4.44 |
| Literature - British | 0 | 1 | 0 | 1 | 10 | 129 | 129.00 | 0 | 0 | -0.17 | 2.78 |
| Literature - British | 0 | 1 | 0 | 1 | 10 | 129 | 129.00 | 0 | 0 | 29.79 | 18.18 |
| Social Science | 0 | 1 | 0 | 1 | 10 | 127 | 127.00 | 0 | 0 | 0.00 | 1.25 |
| History - American | 0 | 1 | 0 | 0 | 10 | 95 | 95.00 | 0 | 1 | 0.00 | 0.00 |
| History - American | 0 | 1 | 0 | 0 | 10 | 95 | 95.00 | 0 | 1 | 2.93 | 8.33 |
| History - European | 0 | 1 | 0 | 0 | 10 | 53 | 53.00 | 0 | 1 | 0.00 | 0.00 |
| History - European | 0 | 1 | 0 | 0 | 10 | 53 | 53.00 | 0 | 1 | 6.44 | 8.89 |
| History - World | 0 | 1 | 0 | 1 | 10 | 124 | 124.00 | 0 | 0 | 0.00 | 0.00 |
| Science - Physics | 0 | 1 | 0 | 0 | 10 | 32 | 32.00 | 1 | 1 | 8.29 | 8.89 |
| Social Science | 0 | 1 | 0 | 1 | 10 | 127 | 127.00 | 0 | 0 | 0.00 | 0.00 |
| Religion | 0 | 1 | 0 | 0 | 10 | 91 | 91.00 | 0 | 1 | 0.00 | 0.00 |
| Religion | 0 | 1 | 0 | 0 | 10 | 91 | 91.00 | 0 | 1 | 3.45 | 7.78 |
| Science - Physics | 0 | 1 | 0 | 0 | 10 | 32 | 32.00 | 1 | 1 | 0.00 | 0.00 |
| History - Other | 0 | 0 | 0 | 0 | 0 | 0.00 | 0 | 0 | 0.00 | 0.00 | |
| Fine Arts - Other | 0 | 0 | 2 | 0 | -10 | 0.00 | 0 | 0 | 0.00 | 0.00 |